| 000 | 00349nam a2200145Ia 4500 | ||
|---|---|---|---|
| 008 | 230711s9999||||xx |||||||||||||| ||und|| | ||
| 041 | _aENG | ||
| 082 |
_a720 _bMA-G |
||
| 100 | _aMaslov A.V | ||
| 245 | 0 | _aGeodetic surveying | |
| 250 | _a1st | ||
| 260 |
_c1989 _aNew Delhi _bNirja Const & Development co.Ltd |
||
| 650 | _aCivil Engineering | ||
| 942 | _cBK | ||
| 999 |
_c44 _d44 |
||